000 00892nam a2200289 i 4500
001 17035
003 ES-MaACL
005 20230906151504.0
007 t|
008 001215s2000 sp |||| | spa d
020 _a84-339-0083-8
080 _a17.035.1(04)
080 _a316.324.8
100 1 _aLipovetsky, Gilles.
_972497
245 1 3 _aLa era del vacío
_b: ensayos sobre el individualismo contemporáneo /
_cGilles Lipovetsky ; traducción de Joan Vinyoli y Michèle Pendanx.
250 _a12ª ed.
260 _aBarcelona :
_bAnagrama,
_c2000.
300 _a220 p. ;
_c20 cm.
490 1 _aArgumentos ;
_v83
650 1 4 _aIndividualismo.
_913708
650 1 4 _aSociedad postindustrial.
_917176
700 1 _aVinyoli, Joan.
_9115354
700 1 _aPendanx, Michèle.
_990155
830 0 _aArgumentos ;
_v83
_9178418
852 _aES-MaACL
_jL-24025
999 _c17035
_d17035